| 000 | 01326nam a2200277 a 4500 | ||
|---|---|---|---|
| 001 | BRCA_2421 | ||
| 005 | 20190320203812.0 | ||
| 008 | 131108s1770----be-a---###---#000-0#spa-u | ||
| 041 | _aspa | ||
| 044 | _abe | ||
| 084 |
_a062 _b.V47 _c1770 |
||
| 100 | 1 |
_aCervantes Saavedra, Miguel de _d1547-1616 _9213 |
|
| 245 | 1 | 0 |
_aVida y hechos del Ingenioso Hidalgo Don Quixote de la Mancha _cpor Miguel de Cervantes Saavedra. |
| 260 |
_aAmberes (Bélgica) _bHerederos de la Viuda de C. Verdussen _c1770 |
||
| 300 |
_a4 v. _bil. _c19 cm. |
||
| 500 | _aContenido : v 1. Primera parte. Algunos versos preliminares. Texto. -- v 2. Texto. -- v 3. Segunda parte. Texto. -- v 4. Texto | ||
| 500 | _aEdición de surtido, arreglada según de la de Amberes, de 1697, de la cual se tomaron también las láminas, pero suprimiendo las dedicatorias y los tres primeros versos y sonetos de la edición príncipe. Semipiel, lomos adornados, filetes y florones dorados Lúdovik Osterc | ||
| 500 | _aQM50 | ||
| 650 | 1 | 4 |
_aNovela española _yÉpoca clásica, 1500-1700 _9215 |
| 650 | 1 | 4 |
_aLiteratura española _yÉpoca clásica, 1500-1700 _9216 |
| 650 | 1 | 4 |
_aNovela española _ySiglo XVII _9217 |
| 650 | 1 | 4 |
_aDon Quijote (Personaje ficticio) _eNovela _9218 |
| 740 | 0 | _aEl Ingenioso Hidalgo Don Quijote de la Mancha | |
| 902 | _aQFM | ||
| 942 |
_2lcc _cB |
||
| 999 |
_c2162 _d2162 |
||